Elementos para el desarrollo eficaz de los fondos de empleados / (Registro nro. 8047)

Detalles MARC
000 -LEADER
fixed length control field 01050nam a2200241Ia 4500
003 - CONTROL NUMBER IDENTIFIER
control field OSt
005 - DATE AND TIME OF LATEST TRANSACTION
control field 20210713172725.0
008 - FIXED-LENGTH DATA ELEMENTS--GENERAL INFORMATION
fixed length control field 210310q2003 ck a gr 000 0 spa d
020 ## - INTERNATIONAL STANDARD BOOK NUMBER
International Standard Book Number 9589727646
040 ## - CATALOGING SOURCE
Original cataloging agency CO-JMCR
Transcribing agency CO-JMCR
041 0# - LANGUAGE CODE
Language code of text/sound track or separate title spa
082 04 - DEWEY DECIMAL CLASSIFICATION NUMBER
Classification number 334 /
Item number A837e
Edition number 23
110 2# - MAIN ENTRY--CORPORATE NAME
Corporate name or jurisdiction name as entry element Asociación Colombiana de Cooperativas-ASCOOP
9 (RLIN) 38432
245 10 - TITLE STATEMENT
Title Elementos para el desarrollo eficaz de los fondos de empleados /
Statement of responsibility, etc. Asociación Colombiana de Cooperativas
260 ## - PUBLICATION, DISTRIBUTION, ETC.
Place of publication, distribution, etc. Bogotá :
Name of publisher, distributor, etc. Editora Guadalupe,
Date of publication, distribution, etc. 2003
300 ## - PHYSICAL DESCRIPTION
Extent 87 páginas :
Other physical details ilustraciones y gráficas a blanco y negro ;
Dimensions 17 x 23 cm.
504 ## - BIBLIOGRAPHY, ETC. NOTE
Bibliography, etc. note Bibliografía: página 87
505 0# - FORMATTED CONTENTS NOTE
Formatted contents note El ser humano y su realización -- El ser humano y la sociedad -- El sector solidario y sus modelos socioeconómicos -- Los fondos de empleados -- Herramientas de gestión socioempresarial
650 14 - SUBJECT ADDED ENTRY--TOPICAL TERM
Topical term or geographic name entry element Cooperativismo
9 (RLIN) 16184
General subdivision Enseñanza
650 24 - SUBJECT ADDED ENTRY--TOPICAL TERM
Topical term or geographic name entry element Administración de cooperativas
General subdivision Enseñanza
9 (RLIN) 38433
650 24 - SUBJECT ADDED ENTRY--TOPICAL TERM
Topical term or geographic name entry element Asociación Colombiana de Cooperativas
9 (RLIN) 38434
942 ## - ADDED ENTRY ELEMENTS (KOHA)
Source of classification or shelving scheme Dewey Decimal Classification
Koha item type Books
Existencias
Withdrawn status Lost status Source of classification or shelving scheme Damaged status Not for loan Collection code Home library Current library Date acquired Source of acquisition Full call number Barcode Date last seen Copy number Koha item type Public note
    Dewey Decimal Classification     Non-fiction Biblioteca Pública José María del Castillo y Rada Biblioteca Pública José María del Castillo y Rada 04/15/2018 Donación 334 / A837e 430002935 05/16/2024 Ej.1 Books Exlibris: rubrica con esfero negro